000 00549nam a2200181Ia 4500
005 20250508155327.0
008 008 250505s9999 xx 000 0 eng d
037 _aTextual
040 _aFEDL
_beng
_cFEDL
041 _aeng
_2eng
084 _a372.4, MAL
_qFEDL
100 _aMalmquist Eve
_9766869
245 0 _aFactors related to reading disabilities in teh first grade of the elementary school
260 _aStockholm
_bAlmqvist and Wiksell
_c1958
300 _a428p
942 _cTEXL
_h372.4, MAL
999 _c1356081
_d1356081